000 00500cam a2200193ua 4500
020 _c6.00
041 _aeng
_h
082 _a671.2
_bMIN/EX
100 _aMiner, Harvey.D .
245 _aExploring pattern making and foundry /
_cD Harvey Miner.
_hTextual Documents
250 _a1 /
_b.
260 _aNew Delhi :
_bAffiliated East West Press Pvt Ltd ,
_c1965.
300 _a206 ; .
365 _a6.00
504 _a
700 1 _aMiller, John.G .
942 _cBK
999 _c2631
_d2631